000 00429nam a2200169 a 4500
005 20140412111328.0
008 110115s19uu xx 00 eng d
020 _a0-590-72582-3
050 _aBB
_bSp1 1990
100 _aCarrick, Carol
245 _aSpring Raine /
_cCarol Carrick.
260 _aNY :
_bScholastic,
_c1990.
300 _a18p.
440 _aBig book of Magazine
650 _aRain and Clouds
999 _c104801
_d104801